00317nam a2200133Ia 4500008004100000020001500041041001200056082001100068100001900079245004400098260002500142300000800167650000800175221030s9999 xx 000 0 und d a0070607370 aEnglish a105.23 aM. A. Richards 0aFundamentals of Radar Signal Processing bTMHaNew Delhic2007 a513 aECE